[Event "86th BRA-ch 2019"]
[Site "Natal"]
[Date "2020.01.11"]
[Round "1.3"]
[White "Rocha, Vitor Firmo de Souza"]
[Black "Labussiere, Victor"]
[Result "0-1"]
[WhiteElo "2200"]
[BlackElo "2363"]
[Annotator "TA"]
[PlyCount "106"]
[EventDate "2020.01.05"]
[EventType "k.o."]
[EventCountry "BRA"]
[SourceTitle "playchess.com"]
[Source "ChessBase"]
[SourceQuality "1"]

{[%evp 17,106,46,46,52,58,71,50,37,45,47,59,50,63,0,0,0,0,0,22,0,0,0,-10,-22,-20,-7,0,0,0,0,0,-24,35,30,19,26,58,22,136,146,155,154,178,103,109,31,66,0,0,0,0,0,0,-35,-30,-29,-21,-119,-115,-174,-163,-124,-152,-338,-343,-554,-577,-716,-650,-1375,-1383,-1331,-1268,-1529,-1530,-1659,-1597,-6494,-5911,-29973,-29973,-29952,-10152,-29986,-29986,-29986,-29987,-29989,-29990,-29991,-29992]} 1. e4 c5 2. Nf3 Nc6 3. d4 cxd4 4. Nxd4 Nf6 5. Nc3 d6 6. Bg5 e6 7. Qd2 Qb6 8. Nb3 Be7 9. O-O-O O-O 10. Kb1 {B63: Sicilian: Richter-Rauzer: 7...Be7 and unusual Black 7th moves} Rd8 (10... a6 11. h4 Qa7 12. f3 b5 13. g4 Ne5 14. Qg2 b4 15. Ne2 a5 16. Nbd4 a4 17. f4 Bb7 18. Bxf6 Bxf6 19. fxe5 dxe5 {½-½ (47) Djukic,N (2548)-Kozul,Z (2611) Podgorica 2018}) 11. h4 d5 12. exd5 {White is slightly better.} Nxd5 13. Nxd5 Rxd5 14. Bd3 Qc7 $146 ({Predecessor:} 14... a5 15. c4 Rd7 16. Bxe7 Rxe7 17. c5 Qc7 {1-0 (58) Wachinger,N (2297)-Skurniak,S (1997) Mumbai 2019}) 15. c4 ({White should play} 15. Bf4 $14 Qd8 16. Qe2) 15... Rd8 $11 16. Bxe7 Qxe7 17. Qg5 {And now Qxe7 would win.} f6 18. Qh5 g6 19. Qe2 e5 20. h5 {[#]} Rxd3 $1 {[%mdl 576] Remove Defender} 21. Rxd3 {Black must now prevent hxg6.} Bf5 22. g4 ({Of course not} 22. hxg6 Qd6 $17) 22... Bxd3+ 23. Qxd3 Rd8 24. Qe4 Kg7 (24... g5 $11) 25. hxg6 $14 hxg6 26. Qe3 {Qh6+ is the strong threat.} Rg8 27. Nc5 Nd4 (27... g5 $1 $11) 28. Ne4 $1 $16 g5 29. Qh3 Kf7 30. Qh5+ (30. c5 $18) 30... Ke6 31. Nc3 (31. Qh6 $16) 31... Qg7 32. Qh7 ({White should try} 32. b3 $1 $14) 32... Rh8 $1 $36 {[%mdl 2048] Black has the initiative.} 33. Qe4 $1 {[%cal Re4d5] Strongly threatening Qd5+.} (33. Qxg7 $2 {gets mated.} Rxh1+ 34. Nd1 Rxd1#) (33. Qxh8 {leads to mate.} Qg6+ 34. Ne4 Qxe4+ 35. Ka1 Nc2+ 36. Kb1 Na3+ $1 {[%mdl 512]} 37. Ka1 Qb1+ $1 {[%mdl 512]} 38. Rxb1 Nc2#) 33... Rxh1+ 34. Qxh1 {aiming for Qd5+.} Qg6+ 35. Qe4 (35. Ka1 {keeps more tension.} Nc2+ 36. Kb1 Nd4+) 35... Qxe4+ 36. Nxe4 $15 {[%mdl 4096] Endgame KN-KN} b6 37. Ng3 {[#]} (37. Kc1 $11 {keeps the balance.}) 37... Nf3 $1 $17 38. Kc2 (38. Nf5 $17 {was called for.}) 38... Nh2 $19 39. Ne4 Nxg4 40. Kc3 $2 (40. Kd3 $17) 40... Kf5 41. Kd3 $2 (41. Nd6+ Kf4 42. b4 Nxf2 43. c5) 41... Kf4 42. b4 f5 43. Nd2 {and the idea c5 leaves White hopeful.} Nxf2+ 44. Ke2 Ne4 45. Nb3 Nc3+ 46. Kf2 Nxa2 47. b5 e4 48. c5 bxc5 49. Nxc5 g4 50. Nd7 Nc3 {Black mates.} 51. b6 axb6 52. Nxb6 e3+ 53. Ke1 g3 {Accuracy: White = 32%, Black = 63%.} 0-1

[Event "86th BRA-ch 2019"]
[Site "Natal"]
[Date "2020.01.11"]
[Round "1.3"]
[White "Pinto, Carlos Henrique Lope"]
[Black "Lima, Darcy"]
[Result "1-0"]
[WhiteElo "2135"]
[BlackElo "2534"]
[Annotator "TA"]
[PlyCount "63"]
[EventDate "2020.01.05"]
[EventType "k.o."]
[EventCountry "BRA"]
[SourceTitle "playchess.com"]
[Source "ChessBase"]
[SourceQuality "1"]

{[%evp 22,63,44,0,0,0,0,0,4,0,116,119,297,300,421,404,405,259,338,347,331,347,301,315,470,503,530,509,746,751,716,568,775,726,1319,1166,1618,1275,1226,1235,1198,966,29990,29991]} 1. d4 Nf6 2. c4 e6 3. Nf3 c5 4. g3 d5 5. Bg2 Nc6 6. O-O Be7 7. Nc3 O-O 8. cxd5 Nxd5 9. e4 Nb6 10. d5 exd5 11. exd5 Nb4 12. Ne5 Bf5 {D41: Queen's Gambit Declined: Semi-Tarrasch with 5 cxd5} 13. a3 Nc2 14. Ra2 {Hoping for g4.} Nd4 {[#]The position is equal.} 15. b4 $1 {[%mdl 512] Black must now prevent Be3.} Bf6 (15... Rc8 $1 $11) (15... cxb4 16. axb4) 16. f4 $16 Qd6 $146 (16... Qc8 $16 {was worth a try.}) ({Predecessor:} 16... Qc7 17. g4 Bg6 18. Nxg6 hxg6 19. Ne4 Nxd5 20. bxc5 {1-0 (38) Ornstein,A (2435)-Schneider,L (2455) Borlange 1992}) 17. g4 $18 Bc2 (17... Nxd5 {might work better.} 18. Nxd5 Be6) 18. Rxc2 Nxc2 19. Qxc2 cxb4 {[#] Threatens to win with ...Qc5+.} 20. Ne4 Qd8 21. Nxf6+ Qxf6 22. axb4 Rfd8 (22... Rac8 $142 23. Qb3 Rxc1 {[%mdl 64] Remove Defender} 24. Rxc1 Qxf4) 23. g5 Qe7 24. Be4 g6 25. Ng4 Qxb4 26. Nf6+ Kh8 27. Bb2 Nc4 28. Bc3 Qe7 29. Ng4+ Kg8 30. Qd3 Rac8 31. Nf6+ Kh8 32. Qh3 {Accuracy: White = 86%, Black = 35%.} 1-0

[Event "86th BRA-ch 2019"]
[Site "Natal"]
[Date "2020.01.11"]
[Round "1.4"]
[White "Lima, Darcy"]
[Black "Pinto, Carlos Henrique Lope"]
[Result "1-0"]
[WhiteElo "2534"]
[BlackElo "2135"]
[Annotator "TA"]
[PlyCount "77"]
[EventDate "2020.01.05"]
[EventType "k.o."]
[EventCountry "BRA"]
[SourceTitle "playchess.com"]
[Source "ChessBase"]
[SourceQuality "1"]

{[%evp 16,77,20,42,59,51,59,49,55,55,66,65,68,51,103,59,150,135,135,132,133,139,127,81,132,85,158,188,249,133,158,171,381,375,517,488,802,493,527,430,441,408,416,394,437,385,473,464,463,463,550,487,729,735,634,548,521,504,595,603,1171,1082,5612,5610]} 1. d4 Nf6 2. g3 g6 3. Bg2 Bg7 4. e4 d6 5. Ne2 O-O 6. Nbc3 Nbd7 7. O-O c5 8. h3 cxd4 9. Nxd4 a6 {B70: Sicilian Dragon: 6 g3 and 6 Be2 (without a later Be3)} 10. Be3 Ne5 11. b3 (11. Qe2 Bd7 12. Rad1 Qc8 {1-0 (48) Jumabayev,R (2602)-Carlsson,P (2463) St Petersburg 2018}) 11... Bd7 {White is slightly better.} 12. Nde2 (12. Nd5 {seems wilder.} Nc6 13. Ne2 a5 14. Qd2 a4 15. Rac1) 12... Rc8 13. Nd5 Nxd5 14. exd5 f5 ({Black should try} 14... g5 $14) 15. Nd4 $146 ({Predecessor:} 15. c4 Rf7 16. Rc1 b6 17. f4 Nxc4 18. bxc4 b5 19. cxb5 Bxb5 20. Rxc8 Qxc8 {1-0 (58) Klabenes,P-Sykora,T (1546) Hrdonov 2013}) 15... h6 {[#]} ({Better is} 15... Qa5 $14) 16. f4 $1 $16 Nf7 17. Ne6 Bxe6 18. dxe6 Nh8 19. Bxb7 Rc3 (19... Bxa1 $142 20. Bxc8 (20. Qxa1 Rxc2 21. Rf2 Qc7 $15) 20... Qxc8 21. Qxa1 Qxe6) 20. Bf2 Qc7 (20... Rc7 $142) 21. Bxa6 g5 (21... Rxc2 {keeps fighting.} 22. Rc1 Rxc1 23. Qxc1 Qa5) 22. Bd3 (22. fxg5 $18 hxg5 23. Qh5) 22... gxf4 23. gxf4 Rf6 $2 (23... Ng6) 24. Kh2 $18 Ng6 25. Bd4 d5 (25... Nh4 $142) 26. Qd2 Rxd3 27. cxd3 Rxe6 28. Bxg7 Kxg7 29. Rac1 Qd6 30. Rf2 d4 {and the idea ...Re3 leaves Black hopeful.} 31. Rg1 {White is clearly winning.} Kh7 32. Rg3 Nh4 33. Qd1 Re3 {[#]} (33... Rf6 $142 34. a4 Qc7) 34. Qh5 $1 {White threatens Qf7+ and mate.} Qf6 35. Rxe3 dxe3 36. Re2 Ng6 37. Qf3 e5 38. Qxe3 Nxf4 39. Qxe5 {Accuracy: White = 70%, Black = 13%.} 1-0

[Event "86th BRA-ch 2019"]
[Site "Natal"]
[Date "2020.01.11"]
[Round "1.4"]
[White "Labussiere, Victor"]
[Black "Rocha, Vitor Firmo de Souza"]
[Result "1-0"]
[WhiteElo "2363"]
[BlackElo "2200"]
[Annotator "TA"]
[PlyCount "97"]
[EventDate "2020.01.05"]
[EventType "k.o."]
[EventCountry "BRA"]
[SourceTitle "playchess.com"]
[Source "ChessBase"]
[SourceQuality "1"]

{[%evp 9,97,-37,-8,-3,25,23,46,45,54,42,58,70,61,2,11,10,10,7,12,10,22,31,77,75,96,49,148,37,37,38,48,34,63,50,136,152,375,373,362,60,54,29,239,231,416,416,395,375,258,114,110,101,118,117,91,0,0,0,67,68,90,59,192,177,341,316,552,539,1096,12832,12836,12836,12837,12837,12835,12835,12843,529,179,1900,12837,12838,12843,12843,29990,29991,29991,29992,29994,12847]} 1. c4 e6 2. Nf3 Nf6 3. g3 d5 4. b3 d4 5. Bg2 (5. e3 Nc6 6. exd4 Nxd4 7. Bg2 Bc5 8. Bb2 e5 9. b4 Nxf3+ 10. Bxf3 Bd4 11. Qb3 Bh3 12. Bxb7 O-O {0-1 (32) Piorun,K (2640)-Gajewski,G (2630) Germany 2018}) 5... Nc6 6. O-O {A13: English Opening: 1...e6} a5 7. e3 Be7 $146 ({Predecessor:} 7... Bc5 8. Bb2 O-O 9. a3 e5 10. exd4 Bxd4 11. Bxd4 exd4 12. d3 Bf5 {½-½ (34) Thiele,M (2113)-Wegener,O (2312) Hamburg 2001}) 8. exd4 {White is slightly better.} Nxd4 9. Bb2 c5 10. Nxd4 cxd4 11. Ba3 (11. Qe1 $14) 11... O-O $11 12. Bxe7 Qxe7 13. d3 Nd7 14. Nd2 Nc5 15. Ne4 e5 16. Nxc5 Qxc5 17. f4 Ra6 (17... exf4 $14 18. Rxf4 Rb8) 18. fxe5 ({Better is} 18. Qh5 $16) 18... Re6 $14 19. Qf3 Rxe5 20. Rae1 Re3 21. Qf4 Rxd3 (21... h6 $14) 22. Re5 $1 $36 {[%cal Re5c5][%mdl 2048] Keeping Black busy.} Qa3 $2 {[#]} (22... Qb4 $16 {was called for.}) 23. Bd5 $1 $18 {[%mdl 512]} Re3 24. Rxe3 $2 ({White must play} 24. c5 $1 $18 h6 25. Bxf7+ Kh8 26. Rxe3 dxe3 27. Qd6 (27. Qxe3 Qb2 $16) 27... Rxf7 28. Rxf7 Qc1+ 29. Rf1) 24... dxe3 $14 25. Qxe3 {Rxf7! is the strong threat.} h6 $2 (25... Bd7 $11 {and Black is okay.}) 26. Rxf7 $1 $18 {[%mdl 64] Qf2 would kill now. Decoy} Rxf7 $2 (26... Kh8 27. Rxf8+ Qxf8) 27. Qe8+ {[%mdl 64] Double Attack, Pin} Kh7 {( -> ...Qc1+)} 28. Qxf7 {White threatens Be4+ and mate.} Qc1+ 29. Qf1 (29. Kf2 $1 $18 {is the precise move to win.} Qc2+ 30. Ke3 Qc1+ 31. Ke2 Qc2+ 32. Ke3 Qc3+ 33. Kf4 Qc1+ 34. Ke4 Qe1+ 35. Kd4 Qd2+ 36. Ke5 Qg5+ 37. Ke4) 29... Qe3+ 30. Qf2 Qe5 31. h4 b5 32. Bf3 ({White should play} 32. Kh2 $16) 32... bxc4 $11 33. bxc4 Be6 (33... a4 $1 $11) 34. Kg2 $14 Qf5 35. c5 Qb1 ({Black should try} 35... Bd5 $14) 36. a3 Bf5 $2 (36... Qd3 37. c6 Bd5 38. Bxd5 Qxd5+ 39. Qf3 Qa2+ 40. Kh1 Qb1+ 41. Kh2 Qc2+ 42. Kh3 Qc4) 37. c6 $18 Qc1 $2 (37... Be4 {is a better defense.} 38. Kh3 Bxf3 39. Qxf3 Qc2) 38. Qe2 Qxa3 39. Be4 Qc5 40. Bxf5+ Qxf5 {[%mdl 4096] Endgame KQ-KQ} 41. Qc4 Qc8 42. c7 a4 43. Qe4+ (43. Qd3+ $142 g6 44. Qd8) 43... Kh8 44. Qc6 $2 ({Not} 44. Qxa4 Qxc7 45. Qe4 Kg8 $11) (44. Qe7 Kh7 45. Qe4+ Kh8 46. Qc6 (46. Qxa4 Qxc7 47. Kh3 Qc8+ 48. Kh2 Qe6 $11)) 44... a3 45. Qb6 $1 {[%cal Rb6b8]} Qa8+ 46. Kh2 {Threatening mate with Qb8+.} Qe4 47. c8=Q+ {White mates.} Kh7 48. Qf2 a2 {[#]} 49. Qff5+ {Accuracy: White = 62%, Black = 13%.} (49. Qf7 $142 $1 Qh1+ {[%mdl 64] Decoy} 50. Kxh1 a1=R+ 51. Kg2 Ra2+ 52. Qxa2 Kg6 53. Qe8+ Kh7 54. Qag8#) 1-0

[Event "86th BRA-ch 2019"]
[Site "Natal"]
[Date "2020.01.11"]
[Round "1.4"]
[White "Martins, Vinicius Tine"]
[Black "Zallio, Luciano de Souza"]
[Result "1/2-1/2"]
[WhiteElo "2309"]
[BlackElo "2245"]
[Annotator "TA"]
[PlyCount "77"]
[EventDate "2020.01.05"]
[EventType "k.o."]
[EventCountry "BRA"]
[SourceTitle "playchess.com"]
[Source "ChessBase"]
[SourceQuality "1"]

{[%evp 13,77,3,0,-10,14,0,0,0,16,0,1,0,16,0,19,18,18,17,18,0,24,0,0,0,0,0,39,36,397,384,422,398,434,420,567,423,557,510,481,376,430,352,433,338,333,312,441,414,408,401,551,78,78,78,78,48,48,48,48,33,48,48,48,48,58,58]} 1. Nf3 d5 2. e3 c5 3. d4 Nf6 4. c4 cxd4 5. exd4 Nc6 6. Nc3 Bg4 7. cxd5 Nxd5 8. Bc4 {B13: Caro-Kann: Exchange Variation and Panov-Botvinnik Attack} (8. Qb3 Bxf3 9. gxf3 e6 10. Qxb7 Nxd4 11. Bb5+ Nxb5 12. Qc6+ Ke7 13. Qxb5 Qd7 14. a4 a6 15. Nxd5+ Qxd5 16. Qe2 Kf6 17. Bd2 Bd6 18. Rd1 Ke7 19. Bc3 Qf5 20. Qe4 Qxe4+ 21. fxe4 {½-½ (21) Petrov,N (2585)-Shirov,A (2684) Arica 2019}) 8... Nxc3 9. bxc3 {Strongly threatening Qb3.} e6 $1 10. O-O {The position is equal.} Be7 11. h3 Bh5 12. d5 $146 ({Predecessor:} 12. Re1 O-O 13. Qd3 Rc8 14. d5 Bg6 15. Qd2 exd5 16. Qxd5 Qxd5 17. Bxd5 {0-1 (89) Suntharalingam,J-Eigenert,C Espoo 2006}) 12... exd5 13. Qxd5 Qxd5 14. Bxd5 {Black must now prevent Re1.} O-O 15. Rb1 $36 {[%mdl 2048] White is pushing.} Rad8 16. c4 Rd7 17. Bxc6 bxc6 18. Ne5 Rc7 19. Bf4 {aiming for g4.} Rcc8 20. Rb7 Bc5 $2 {[%mdl 8192]} ({Black should play} 20... Rfe8 $14) 21. Nd7 $18 {[%mdl 64] [#] Double Attack} Bd4 22. Nxf8 Rxf8 23. Be3 Be5 24. Bxa7 f6 25. f4 Bc3 26. Kh2 Be2 27. Rf2 Bd1 28. Rb8 Rxb8 29. Bxb8 {[%mdl 4096] Endgame KRB-KB} c5 (29... Kf7 {is a better defense.} 30. Ba7 h5) 30. Ba7 Bd4 31. Rd2 Bh5 {[#]} 32. Rxd4 $2 (32. Bxc5 $1 $18 Bxc5 33. Rd5) 32... cxd4 $16 33. Bxd4 $18 {KB-KB} Bf7 34. c5 {[%cal Bc4c5,Bc5c6,Bc6c7][%mdl 32]} Bxa2 {White is slightly better.} 35. c6 Kf7 36. f5 {c7 is the strong threat.} Bd5 37. c7 Bb7 38. g4 Bc8 39. Kg3 {Accuracy: White = 45%, Black = 29%.} 1/2-1/2

[Event "86th BRA-ch 2019"]
[Site "Natal"]
[Date "2020.01.11"]
[Round "1.4"]
[White "Brito, Luismar"]
[Black "Macedo, Maximo Iack"]
[Result "0-1"]
[WhiteElo "2227"]
[BlackElo "2324"]
[Annotator "TA"]
[PlyCount "30"]
[EventDate "2020.01.05"]
[EventType "k.o."]
[EventCountry "BRA"]
[SourceTitle "playchess.com"]
[Source "ChessBase"]
[SourceQuality "1"]

{[%evp 9,48,-23,40,-28,-22,-29,-13,-63,-53,-83,-77,-71,-67,-62,-20,-17,-14,-74,-72,-81,-47,-133,-127,-120,-115,-132,-113,-156,-156,-161,-163,-185,-198,-459,-448,-912,-910,-1161,-943,-1015,-848]} 1. Nc3 d5 2. d4 Nf6 3. Bf4 a6 4. Qd3 (4. e3 e6 5. Nf3 c5 6. Bd3 Nbd7 7. h3 b5 8. a3 Bb7 9. O-O Be7 10. dxc5 Nxc5 11. Ne2 O-O {½-½ (66) Lagarde,M (2657)-Fressinet,L (2633) Montagne 2019}) 4... e6 5. e4 Bb4 (5... c5 $11) 6. f3 {D00: 1 d4 d5: Unusual lines} ({White should try} 6. e5 $14 Ne4 7. a3 Bxc3+ 8. bxc3) 6... c5 $146 {aiming for ...dxe4.} ({Predecessor:} 6... O-O 7. O-O-O Nc6 8. e5 Nh5 9. Nh3 Nxf4 10. Nxf4 f6 11. exf6 Qxf6 {0-1 (24) Mazuela,J (800)-Limberger,J (800) IECG email 1999}) 7. a3 Qa5 8. Nge2 {The position is equal.} (8. exd5 {with more complications.} Nxd5 9. Bd2 Bxc3 10. Bxc3 Nxc3 11. Qxc3 Qxc3+ 12. bxc3 cxd4 13. cxd4 Nc6 14. c3) 8... cxd4 9. Nxd4 dxe4 10. fxe4 {[#]} Bxc3+ $1 11. bxc3 Nbd7 12. Nb3 Qa4 13. c4 {[#]} (13. Qd4 $11 Qxd4 14. cxd4) 13... e5 $1 $17 {[%cal Re5f4]} 14. Be3 Qc6 15. Nd2 (15. Be2 $15) 15... O-O {Played: Nd7-c5} 0-1

[Event "86th BRA-ch 2019"]
[Site "Natal"]
[Date "2020.01.11"]
[Round "1.5"]
[White "Lima, Darcy"]
[Black "Pinto, Carlos Henrique Lope"]
[Result "1-0"]
[WhiteElo "2534"]
[BlackElo "2135"]
[Annotator "TA"]
[PlyCount "57"]
[EventDate "2020.01.05"]
[EventType "k.o."]
[EventCountry "BRA"]
[SourceTitle "playchess.com"]
[Source "ChessBase"]
[SourceQuality "1"]

{[%evp 16,61,43,50,42,32,62,61,70,62,91,52,64,37,64,-5,0,-66,-73,-71,-67,-71,-67,-79,-64,-67,-33,-45,-37,-43,21,15,6,0,18,-17,14,14,14,14,14,11,28,-312,-289,-476,-56,-88]} 1. d4 f5 2. g3 g6 3. Bg2 Bg7 4. Nf3 Nf6 5. O-O O-O 6. b3 d6 7. Bb2 c6 8. Nbd2 Na6 {[%cal Bb8a6,Ba6c7,Bc7e6,Be6f4][%mdl 32]} 9. Re1 Ne4 {A81: Dutch Defence: 2 g3} 10. c4 (10. e3 Nc7 11. c4 {½-½ (11) Prohaszka,P (2512)-Nikolic,P (2623) Budva 2009}) 10... Nc7 11. Qc2 Nxd2 {White is slightly better.} 12. Qxd2 Qe8 $146 ({Predecessor:} 12... Ne8 13. e4 fxe4 14. Rxe4 Bf5 15. Ree1 Nf6 16. Nh4 Bd7 17. d5 c5 18. Nf3 {1-0 (56) Gouanelle,F (2191)-Godefroy,P (1859) Fouesnant 2009}) 13. e4 f4 14. gxf4 Qf7 15. e5 (15. f5 $14) 15... Ne6 $11 16. Ng5 (16. Bc1 $11) 16... Qxf4 $15 17. Qxf4 Nxf4 18. exd6 exd6 19. Bf1 Bf5 20. Rad1 h6 21. Ne4 d5 22. Nd6 Bh3 ({Better is} 22... Bg4 $15 23. Rd2 b6) 23. Nxb7 Rf5 24. Re3 Bxf1 25. Rxf1 Rg5+ 26. Kh1 dxc4 27. bxc4 Rb8 28. Rb3 Ne2 29. Rd1 {Played: Nb7-a5} 1-0

[Event "86th BRA-ch 2019"]
[Site "Natal"]
[Date "2020.01.11"]
[Round "1.6"]
[White "Pinto, Carlos Henrique Lope"]
[Black "Lima, Darcy"]
[Result "1/2-1/2"]
[WhiteElo "2135"]
[BlackElo "2534"]
[Annotator "TA"]
[PlyCount "76"]
[EventDate "2020.01.05"]
[EventType "k.o."]
[EventCountry "BRA"]
[SourceTitle "playchess.com"]
[Source "ChessBase"]
[SourceQuality "1"]

{[%evp 22,76,39,0,0,-22,101,43,34,42,37,0,50,-55,45,39,44,52,60,77,61,63,85,75,126,108,138,85,110,72,75,65,131,28,41,-55,0,-128,-28,-386,-222,-380,-375,-360,-353,-444,-449,-432,-426,-434,0,-381,0,-446,0,-347,0]} 1. d4 (1. c4 c5 2. Nf3 Nf6 3. g3 Nc6 4. Bg2 d5 5. cxd5 Nxd5 6. O-O e6 7. Nc3 Be7 8. d4 {½-½ (12) Clement Gomez,J (2339)-Franco Ocampos,Z (2530) La Roda 2006}) 1... Nf6 2. c4 e6 3. Nf3 c5 4. g3 d5 5. Bg2 Nc6 6. O-O Be7 7. Nc3 O-O 8. cxd5 Nxd5 9. e4 Nb6 10. d5 exd5 11. exd5 Nb4 12. Ne5 Bf5 {D41: Queen's Gambit Declined: Semi-Tarrasch with 5 cxd5} 13. a3 Na6 (13... Nc2 $11 {keeps the balance.} 14. Ra2 Nd4) 14. Be3 $146 (14. Qf3 $16 Bc2 15. Re1) ({Predecessor:} 14. Bf4 Bd6 15. Nb5 Bxe5 16. Bxe5 Qe8 17. Qe2 f6 18. d6 c4 19. Bxb7 Bd3 20. Qg4 h5 21. d7 Qxe5 22. Qd4 Qxd4 23. Nxd4 Bxf1 24. Rxf1 Nc5 25. Bxa8 Rxa8 {0-1 (25) Andrianov,N (2405)-Zaichik,G Jurmala 1983}) 14... Bd6 $14 {White is slightly better.} 15. f4 f6 16. Nd3 Nc4 17. Bc1 (17. Bf2 $1 $14) 17... Re8 (17... Na5 $1 $15) 18. g4 $36 {[%mdl 2048] White is more active.} Bg6 19. f5 Bf7 20. Nf4 Bxf4 21. Bxf4 Nd6 22. Qd3 Qd7 (22... c4 $142 23. Qd4 h5) 23. Rad1 $16 Nc7 24. a4 (24. g5 $142 {aiming for g6.} fxg5 25. Bxg5) 24... b6 25. Qg3 Rad8 26. h4 h5 (26... Re7 $14) 27. Bxd6 (27. g5 $16 Nxf5 28. Qh2) 27... Qxd6 $11 28. Rf4 (28. Qxd6 $14 Rxd6 29. g5) 28... Qe5 (28... hxg4 $15 29. Rxg4 Qxg3 30. Rxg3 Bh5) 29. Kh2 (29. gxh5 $11 Kf8 30. Rd2) 29... hxg4 ({Reject} 29... Bxd5 $6 30. gxh5 Kh8 31. Nxd5 $11) ({Black should try} 29... Nxd5 $17 30. Bxd5 Rxd5 31. Rxd5 Bxd5 32. gxh5 Kh8 33. Nxd5 Qxd5) 30. Qxg4 $2 {[%mdl 8192] [#]} (30. Rxg4 $11 {and White stays safe.} Qxg3+ 31. Rxg3) 30... Bxd5 (30... Bh5 $142 $1 {[%mdl 512]} 31. Re1 (31. Qxh5 Qxf4+) 31... Bxg4 32. Rxe5 Rxe5 33. Rxg4 Rxf5) 31. Nxd5 $2 (31. Rg1 Re7 32. Kh1) 31... Nxd5 $19 32. Bxd5+ Rxd5 33. Rg1 {[%csl Gg1][%cal Rg4g7]} Rd2+ 34. Kh3 {[%csl Gg1][%cal Rg4g7] [#]} Rd3+ 35. Kh2 {[%csl Gg1][%cal Rg4g7]} Rd2+ 36. Kh3 $1 {[%csl Gg1][%cal Rg4g7]} Rd3+ 37. Kh2 $1 {[%csl Gg1][%cal Rg4g7]} Rd2+ 38. Kh3 $1 {[%csl Gg1][%cal Rg4g7]} Rd3+ $2 {Accuracy: White = 31%, Black = 26%.} ({Better is} 38... Re7 $19 39. b3 Qd5) 1/2-1/2

[Event "86th BRA-ch 2019"]
[Site "Natal"]
[Date "2020.01.12"]
[Round "2.1"]
[White "Supi, Luis Paulo"]
[Black "Martins, Vinicius Tine"]
[Result "1-0"]
[WhiteElo "2577"]
[BlackElo "2309"]
[Annotator "TA"]
[PlyCount "43"]
[EventDate "2020.01.05"]
[EventType "k.o."]
[EventCountry "BRA"]
[SourceTitle "playchess.com"]
[Source "ChessBase"]
[SourceQuality "1"]

{[%evp 12,43,26,23,18,20,22,18,23,16,25,0,25,24,27,16,32,28,39,33,62,63,79,35,36,37,32,34,70,31,33,27,100,80]} 1. e4 e5 2. Nf3 Nc6 3. Bc4 Bc5 4. O-O Nf6 5. d3 O-O 6. Bg5 h6 7. Bh4 Be7 {C50: Hungarian Defence and Giuoco Pianissimo} 8. Bg3 d6 9. a4 Na5 {The position is equal.} (9... Be6 10. Nbd2 Bxc4 11. Nxc4 g6 12. c3 Nh5 13. Qb3 Rb8 14. Rfe1 Bf6 15. Rad1 {½-½ (40) Adhiban,B (2668)-So,W (2776) Douglas 2018}) 10. Ba2 c5 11. h3 Be6 $146 ({Predecessor:} 11... Nc6 12. c3 Bd7 13. Na3 Qc7 14. Re1 Rae8 15. Rc1 {½-½ (46) Bruedigam,M (2394)-Jahncke,G (2359) Germany 2019}) 12. Nbd2 Nc6 13. c3 Qd7 14. Nc4 Nh7 15. Ne3 Bg5 16. Nxg5 Nxg5 17. f4 exf4 18. Bxf4 Bxa2 19. Rxa2 Ne7 20. Qb3 Ne6 21. Bg3 Nc7 (21... Rad8 $11 {keeps the balance.}) 22. Raa1 {Accuracy: White = 64%, Black = 45%.} 1-0